UBT Library

On cooking : (Record no. 47102)

000 -LEADER
fixed length control field 00813cam a22002654a 4500
001 - CONTROL NUMBER
control field 14163035
005 - DATE AND TIME OF LATEST TRANSACTION
control field 20180814051010.0
008 - FIXED-LENGTH DATA ELEMENTS--GENERAL INFORMATION
fixed length control field 051101s2007 njua b 001 0 eng
010 ## - LIBRARY OF CONGRESS CONTROL NUMBER
LC control number 2005055287
020 ## - INTERNATIONAL STANDARD BOOK NUMBER
International Standard Book Number 0131713272
020 ## - INTERNATIONAL STANDARD BOOK NUMBER
International Standard Book Number 0130452416
035 ## - SYSTEM CONTROL NUMBER
System control number (OCoLC)ocm62326871
040 ## - CATALOGING SOURCE
Original cataloging agency DLC
Language of cataloging eng
Transcribing agency DLC
Modifying agency YDX
-- BAKER
-- DLC
041 ## - LANGUAGE CODE
Language code of text/sound track or separate title eng
042 ## - AUTHENTICATION CODE
Authentication code pcc
080 ## - UNIVERSAL DECIMAL CLASSIFICATION NUMBER
Universal Decimal Classification number 641.5
082 00 - DEWEY DECIMAL CLASSIFICATION NUMBER
Classification number 641.5
Edition number 22
100 1# - Rafti
Rafti 10
101 ## - Shkurtesa
Shkurtesa NUT
245 10 - TITLE STATEMENT
Title On cooking :
504 ## - BIBLIOGRAPHY, ETC. NOTE
Bibliography, etc Includes bibliographical references (p. [1337]-1342) and index.
906 ## - LOCAL DATA ELEMENT F, LDF (RLIN)
a 7
b cbc
c orignew
d 1
e ocip
f 20
g y-gencatlg
942 ## - ADDED ENTRY ELEMENTS (KOHA)
Source of classification or shelving scheme
Item type Books
Holdings
Withdrawn status Lost status Source of classification or shelving scheme Damaged status Not for loan Collection code Permanent location Current location Shelving location Date acquired Total Checkouts Full call number Barcode Date last seen Price effective from Koha item type
          Koleksioni i përgjithshem UBT - Lipjan UBT - Lipjan Koleksioni i përgjithshem 08/14/2018   641.5 LAB 002-3011006 08/14/2018 08/14/2018 Books
UBT Library © 2015-2024. All rights reserved University Education for Business and Technology